00533nam a22001817a 450000500170000001000150001702000230003202000260005503500130008103700130009408200120010710000250011924500960014426000310024027000360027130000260030770000180033320100814145347.0 aENG-100414 a8187928352c250.00 a9788187928355c250.00 aEN-83947 bDBAD/PUB a181.432 aHariharananda Aranya aThe doctrine of karma :bkarmatattva /cby Hariharnanda Aranya ; translated by Indira Gupta aMadhupurbKapil Mathc2008 a62/1, Hindusthan ParkbMadhupur aix, 206p.c21cm (pbk) aGupta, Indira